ATC Study Text Introduction to Financial Accounting, Paper no 1. (Record no. 6666)

MARC details
005 - DATE AND TIME OF LATEST TRANSACTION
control field 20250711100326.0
020 ## - INTERNATIONAL STANDARD BOOK NUMBER
International Standard Book Number 978-9966-25-046-9
082 ## - DEWEY DECIMAL CLASSIFICATION NUMBER
Classification number 657.48 ATC
111 ## - MAIN ENTRY--MEETING NAME
Meeting name or jurisdiction name as entry element ATC
245 ## - TITLE STATEMENT
Title ATC Study Text Introduction to Financial Accounting, Paper no 1.
260 ## - PUBLICATION, DISTRIBUTION, ETC.
Place of publication, distribution, etc. Kenya,
Name of publisher, distributor, etc. BR Professional Education,
Date of publication, distribution, etc. 2012.
300 ## - PHYSICAL DESCRIPTION
Extent xii, 208p.: ill.;
Other physical details Glossary
Dimensions 29cm
856 ## - ELECTRONIC LOCATION AND ACCESS
Link text Access Online Book
Electronic name Financial Accounting
Path www.br.co.ke
942 ## - ADDED ENTRY ELEMENTS (KOHA)
Source of classification or shelving scheme Dewey Decimal Classification
Koha item type Books
Holdings
Date last seen Total checkouts Full call number Barcode Cost, replacement price Price effective from Koha item type Lost status Source of classification or shelving scheme Damaged status Not for loan Withdrawn status Home library Current library Shelving location Date acquired Cost, normal purchase price
07/11/2025   657.48 ATC 00000013661 60000.00 07/11/2025 Books   Dewey Decimal Classification       College of Business Education Main Library College of Business Education Main Library General Collection 06/26/2025 20000.00